000 00391nam a2200157Ia 4500
008 100204s9999 xx 000 0 und d
082 _b10813
100 _aरायकर प्रतिभा
245 _aविस्मृती
250 _a0
260 _c1988
300 _a204
630 _aविस्मृती
730 _aविस्मृती
942 _cBOOK
999 _c455249
_d455246